000
00245nam a2200121Ia 4500
100
_a
#N/A
942
_c
BK
245
_a
NISES Control System Engineering by Rajeev Gupta
260
_b
#N/A
082
_b
22325
546
_a
ENGLISH
999
_c
26315
_d
26315